<?xml version="1.0" encoding="UTF-8"?>
<marc:record xmlns:marc="http://www.loc.gov/MARC21/slim">
   <marc:leader>00000nam a2200000 a 4500</marc:leader>
   <marc:datafield ind1="1" ind2=" " tag="100">
      <marc:subfield code="a">Erzähl mir doch ein Märchen</marc:subfield>
      <marc:subfield code="4">aut</marc:subfield>
      <marc:subfield code="e">Verfasser/-in</marc:subfield>
   </marc:datafield>
   <marc:datafield ind1=" " ind2=" " tag="653">
      <marc:subfield code="a">Kinderbuch</marc:subfield>
   </marc:datafield>
   <marc:datafield ind1=" " ind2=" " tag="653">
      <marc:subfield code="a">Fachbuch</marc:subfield>
   </marc:datafield>
   <marc:datafield ind1=" " ind2=" " tag="653">
      <marc:subfield code="a">Märchensammlung</marc:subfield>
   </marc:datafield>
   <marc:datafield ind1="0" ind2="0" tag="245">
      <marc:subfield code="a">Erzähl mir doch ein Märchen</marc:subfield>
   </marc:datafield>
   <marc:datafield ind1="0" ind2="0" tag="245">
      <marc:subfield code="b">eine methodische Märchensammlung für Kinder ab 4</marc:subfield>
   </marc:datafield>
   <marc:datafield ind1=" " ind2="1" tag="264">
      <marc:subfield code="b">Don Bosco</marc:subfield>
      <marc:subfield code="c">1998</marc:subfield>
   </marc:datafield>
   <marc:datafield ind1="1" ind2=" " tag="520">
      <marc:subfield code="a">Quelle: Unsere Kinder (http://www.unserekinder.at/); 
Autor: Judith Reimitz; 
Brigitta Schieders neuestes Buch zum Thema Märchen ist noch druckfrisch. Mit ihrer Märchensammlung reagiert sie auf unsere Schwierigkeiten, Märchen zu finden, die für die Entwicklungsstufe unserer Kinder geeignet sind. Deshalb hat sie in fünf Kapiteln über sechzig Volksmärchen zusammengetragen, die nach ihrer langjährigen Erfahrung als Märchenerzählerin besonders gut für Kinder von 4 bis 10 - geeignet sind. In diese Sammlung hat sie nicht nur relativ unbekannte Grimm'sche Märchen aufgenommen, sondern auch zahlreiche Märchen anderer Völker und Kulturen. Schon die Überschriften der einzelnen Kapitel machen nicht nur neugierig, sondern zeugen auch von der entwicklungspsychologischen Kompetenz der Autorin. Es gibt "Kleine Märchen zum Lachen und SichWundern" sowie Märchen "Von Dummlingen und Starkmeiern", "Von Geschwistern und Stiefmüttern", "Von Kindern, die sich auf den Weg machen" und "Von Abenteuern und Prüfungen". - Ich selbst kannte nur einige wenige der vorgestellten Märchen und bin schon sehr gespannt, welche Erfahrungen ich machen werde, wenn ich mit dem Erzählen der weniger bekannten Märchen beginne.
Dieses Buch ist allen zu empfehlen, die nicht nur den Kindern, sondern auch sich selbst die Gelegenheit geben wollen, mit Hilfe von Märchen in ihre innere Mitte zu finden.</marc:subfield>
   </marc:datafield>
   <marc:datafield ind1=" " ind2=" " tag="020">
      <marc:subfield code="a">9783769810813</marc:subfield>
      <marc:subfield code="9">9783769810813</marc:subfield>
   </marc:datafield>
</marc:record>
